000 00391nam a2200157Ia 4500
008 230605s1968 xx 000 0 und d
041 _aeng
100 _aJerome.
245 _aArt and science of managing Hotels/Restau Institution
260 _bHayden Book Co.
_c1968
300 _a275p
365 _h10
520 _aHard Board
520 _aLost But Money Recovered
650 _aC.S.
999 _c419650
_d419650